Benchmarking v doprave ako nástroj zvyšovania konkurencieschopnosti regiónu

Analýza možností využitia benchmarkingu v odvetví dopravy, poukázanie na pozitíva a úskalia využitia tejto modernej manažérskej metódy a naznačenie možnosti jej aplikácie v podmienkach SR. Štyri fázy procesu benchmarkingu.

Guardado en:
Detalles Bibliográficos
Autor principal: Hansenová, Heda
Otros Autores: Némethyová, Lucia
Formato: Capítulo de libro
Lenguaje:eslovaco
Materias:
Etiquetas: Agregar Etiqueta
Sin Etiquetas, Sea el primero en etiquetar este registro!

MARC

LEADER 00000naa$a2200000$$$4500
001 0091228
005 20240502072022.5
041 0 |a slo 
044 |a SK 
245 1 0 |a Benchmarking v doprave ako nástroj zvyšovania konkurencieschopnosti regiónu  |c Heda Hansenová, Lucia Némethyová 
520 |a Analýza možností využitia benchmarkingu v odvetví dopravy, poukázanie na pozitíva a úskalia využitia tejto modernej manažérskej metódy a naznačenie možnosti jej aplikácie v podmienkach SR. Štyri fázy procesu benchmarkingu. 
610 2 0 |a doprava 
610 2 0 |a benchmarking 
610 2 0 |a regióny 
610 2 0 |a konkurencieschopnosť 
100 1 |a Hansenová, Heda 
700 1 |a Némethyová, Lucia